Online
Catalog

Prosistas de la colonia : (Record no. 15890)

MARC details
000 -CABECERA
campo de control de longitud fija 00815cam a22001811 4500
001 - NÚMERO DE CONTROL
campo de control 000016355
005 - FECHA Y HORA DE LA ÚLTIMA TRANSACCIÓN
campo de control 20200929164403.0
008 - DATOS DE LONGITUD FIJA--INFORMACIÓN GENERAL
campo de control de longitud fija 790227m19591960mx 000 0 spa
040 ## - FUENTE DE LA CATALOGACIÓN
Centro catalogador/agencia de origen DO-SdBNP
Lengua de catalogación spa
Centro/agencia transcriptor BNPHU
082 ## - NÚMERO DE LA CLASIFICACIÓN DECIMAL DEWEY
Número de clasificación xxxx
Número de documento/Ítem D722
245 04 - MENCIÓN DE TÍTULO
Título Prosistas de la colonia :
Resto del título siglos XVII y XVIII :. /
Mención de responsabilidad, etc. Estudio y selecciones de Miguel Sánchez Astudillo S. J.
260 ## - PUBLICACIÓN, DISTRIBUCIÓN, ETC.
Lugar de publicación, distribución, etc. Puebla, Mexico, :
Nombre del editor, distribuidor, etc. J. M. Cajica, Jr. :
-- Secretaría General de la Undécima Conferencia Interamericana Quito, Ecuador,
Fecha de publicación, distribución, etc. 1959.
300 ## - DESCRIPCIÓN FÍSICA
Extensión 611 p. ;
Dimensiones 22 cm.
490 1# - MENCIÓN DE SERIE
Mención de serie Biblioteca ecuatoriana mínima.
-- La colonia y la república
504 ## - NOTA DE BIBLIOGRAFÍA, ETC.
Nota de bibliografía, etc. Incluye referencias bibliográficas y notas al pie de las páginas
700 1# - PUNTO DE ACCESO ADICIONAL--NOMBRE DE PERSONA
Nombre de persona Sánchez Astudillo, Miguel
9 (RLIN) 36476
830 #0 - PUNTO DE ACCESO ADICIONAL DE SERIE-TÍTULO UNIFORME
Título uniforme Biblioteca ecuatoriana mínima.
Nombre de parte o sección de la obra La colonia y la república
9 (RLIN) 3109
Holdings
Estado de retiro Estado de pérdida Restricciones de uso No para préstamo Código de colección Localización permanente Ubicación/localización actual Ubicación en estantería Fecha de adquisición Número de inventario Total de préstamos Signatura topográfica completa Código de barras Fecha visto por última vez Precio válido a partir de Tipo de ítem Koha
      Excluido de préstamo Monografías: Libros y Folletos General General En catalogación 03.03.2010 LF1   xxxx D722 16355-10 25.06.2020 25.06.2020 No se presta

Powered by Koha